000 00463nam a22001697a 4500
999 _c6191
_d6189
005 20210826131126.0
008 200514b xxu||||| |||| 00| 0 eng d
020 _a9788123914268
041 _aeng
082 _a615.1
100 _aSHARMA, VARUN DUTT
_95290
245 _aPARMACOGNOSY PARCTICAL NOTEBOOK FOR FIRST YEAR DIPLOMA IN PHARMACY
250 _a1'st
260 _aNew Delhi
_bC BS Publishers and Distrbutrs
_c2019
300 _a274, iv
942 _cBK